[Event "Dvorkovich Memorial op"]
[Site "Taganrog"]
[Date "2019.01.18"]
[Round "9"]
[White "Bashev, Fyodor"]
[Black "Scheritsa, Semen"]
[Result "0-1"]
[WhiteElo "1664"]
[BlackElo "1678"]
[PlyCount "58"]
[EventDate "2019.01.10"]
[EventType "swiss"]
[EventRounds "9"]
[EventCountry "RUS"]
[SourceTitle "CBM 188 Extra"]
[Source "ChessBase"]
[SourceDate "2019.02.26"]
[SourceVersion "1"]
[SourceVersionDate "2019.02.26"]
[SourceQuality "1"]

1. c4 f5 2. g3 Nf6 3. Nf3 e6 4. Bg2 d5 5. 0-0 Bd6 6. Nc3 c6 7. d3 0-0 8. Re1 e5 9. cxd5 cxd5 10. Qb3 Kh8 11. Ng5 h6 12. Nh3 Nc6 13. Bxd5 Nd4 14. Qd1 Nxd5 15. Nxd5 f4 16. Kg2 fxg3 17. fxg3 Qd7 18. Ng1 Qc6 19. e4 Nc2 20. Be3 Nxa1 21. Qd2 Nc2 22. Bxh6 Nxe1+ 23. Kh1 Qe8 24. Qg5 Qf7 25. Qh4 gxh6 26. Qxh6+ Kg8 27. Qxd6 Bh3 28. Ne7+ Qxe7 29. Qxe7 Bg2# 0-1

[Event "RUS-chT U14"]
[Site "Sochi"]
[Date "2016.05.10"]
[Round "9.1"]
[White "Scheritsa, Semen"]
[Black "Bobkov, Vadim"]
[Result "1/2-1/2"]
[WhiteElo "1671"]
[BlackElo "1887"]
[PlyCount "94"]
[EventDate "2016.05.01"]
[EventType "team-tourn"]
[EventRounds "9"]
[EventCountry "RUS"]
[SourceTitle "EXT 2018"]
[Source "ChessBase"]
[SourceDate "2017.10.13"]
[SourceVersion "1"]
[SourceVersionDate "2017.10.13"]
[SourceQuality "1"]

1. Nf3 d5 2. d4 Nf6 3. c4 e6 4. g3 dxc4 5. Qa4+ c6 6. Qxc4 b5 7. Qc2 Bb7 8. Bg2 Nbd7 9. 0-0 c5 10. a4 a6 11. axb5 axb5 12. Rxa8 Qxa8 13. Qd1 cxd4 14. Qxd4 Bc5 15. Qd1 0-0 16. Ne1 Bxg2 17. Nxg2 Nb6 18. Be3 Bxe3 19. Nxe3 Rd8 20. Qb3 Qa4 21. Rd1 Rxd1+ 22. Qxd1 Nfd5 23. Nc3 Qxd1+ 24. Nexd1 Nc7 25. e4 Kf8 26. Kf1 Ke7 27. Ke2 Kd6 28. b4 Nc4 29. Kd3 Ne5+ 30. Ke2 Nc6 31. Na2 f5 32. f3 g6 33. h3 e5 34. Nb2 Nd4+ 35. Ke3 h5 36. Nd3 Nce6 37. Nc3 Nc7 38. h4 Nc2+ 39. Kf2 Na3 40. Nc5 Nc2 41. Nd3 Na3 42. Nc5 Nc4 43. Ke2 Kc6 44. Kd3 Ne8 45. Nd5 Kd6 46. Nc3 Na3 47. Nd5 Nc4 1/2-1/2

[Event "RUS-chT U14"]
[Site "Sochi"]
[Date "2016.05.05"]
[Round "5.1"]
[White "Dunaev, Denis"]
[Black "Scheritsa, Semen"]
[Result "1/2-1/2"]
[WhiteElo "1628"]
[BlackElo "1671"]
[PlyCount "89"]
[EventDate "2016.05.01"]
[EventType "team-tourn"]
[EventRounds "9"]
[EventCountry "RUS"]
[SourceTitle "EXT 2018"]
[Source "ChessBase"]
[SourceDate "2017.10.13"]
[SourceVersion "1"]
[SourceVersionDate "2017.10.13"]
[SourceQuality "1"]

1. e4 e6 2. d4 d5 3. Nc3 Bb4 4. a3 Bxc3+ 5. bxc3 dxe4 6. Qg4 g6 7. Qxe4 Nd7 8. Nf3 Ndf6 9. Qh4 Nd5 10. Qxd8+ Kxd8 11. Ne5 Ke8 12. c4 Nb6 13. Bd3 f6 14. Nf3 Kf7 15. Bf4 c6 16. h4 Ne7 17. Kd2 Nd7 18. c3 b6 19. Rhe1 Bb7 20. Be4 Rae8 21. Kc2 Ba6 22. Kb3 c5 23. d5 e5 24. Be3 Nf5 25. Bxf5 gxf5 26. a4 f4 27. Bd2 Rhg8 28. Rg1 e4 29. Ne1 Ne5 30. Bxf4 Bxc4+ 31. Kc2 Bxd5 32. Bxe5 fxe5 33. g3 Rd8 34. Ng2 Bc4 35. Ne3 Bd3+ 36. Kb2 Ke6 37. Rgd1 Rgf8 38. Rd2 Rf3 39. Rg1 Rdf8 40. Rg2 h5 41. Rh2 c4 42. Ka3 Kd6 43. Rb2 Kc6 44. Kb4 a6 45. Ra2 1/2-1/2

[Event "Salekhard-ch"]
[Site "Salekhard"]
[Date "2015.02.02"]
[Round "9"]
[White "Abramov, Ilya"]
[Black "Scheritsa, Semen"]
[Result "0-1"]
[WhiteElo "1709"]
[BlackElo "1675"]
[PlyCount "80"]
[EventDate "2015.01.23"]
[EventType "swiss"]
[EventRounds "9"]
[EventCountry "RUS"]
[SourceTitle "CBM 164 Extra"]
[Source "ChessBase"]
[SourceDate "2015.03.02"]
[SourceVersion "1"]
[SourceVersionDate "2015.03.02"]
[SourceQuality "1"]

1. d4 Nf6 2. c4 c5 3. d5 b5 4. Nf3 d6 5. Qc2 g6 6. e4 Bg7 7. Bd3 0-0 8. 0-0 Nbd7 9. Nc3 bxc4 10. Bxc4 Nb6 11. Bd3 c4 12. Be2 Ng4 13. h3 Ne5 14. Nxe5 Bxe5 15. Bh6 Re8 16. Rad1 Bd7 17. f4 Bf6 18. Bg4 Qc8 19. Qe2 Qc5+ 20. Kh1 Bxg4 21. Qxg4 Qc8 22. Qg3 Nd7 23. h4 Rb8 24. Rf2 Nc5 25. e5 Nd3 26. Re2 Bg7 27. Bxg7 Kxg7 28. b3 Qf5 29. Rxd3 cxd3 30. Rd2 dxe5 31. fxe5 Qf1+ 32. Kh2 Rbc8 33. Rxd3 Red8 34. d6 exd6 35. exd6 Qf6 36. d7 Rxd7 37. Rxd7 Rxc3 38. Qg4 Qe5+ 39. Kh1 h5 40. Qd4 Rc1+ 0-1

[Event "Salekhard-ch"]
[Site "Salekhard"]
[Date "2015.01.30"]
[Round "4"]
[White "Scheritsa, Semen"]
[Black "Belyakov, Bogdan"]
[Result "0-1"]
[WhiteElo "1675"]
[BlackElo "2482"]
[PlyCount "44"]
[EventDate "2015.01.23"]
[EventType "swiss"]
[EventRounds "9"]
[EventCountry "RUS"]
[SourceTitle "CBM 164 Extra"]
[Source "ChessBase"]
[SourceDate "2015.03.02"]
[SourceVersion "1"]
[SourceVersionDate "2015.03.02"]
[SourceQuality "1"]

1. d4 g6 2. e4 Bg7 3. c4 c5 4. d5 d6 5. f4 e6 6. Nc3 exd5 7. cxd5 a6 8. a4 Nf6 9. h3 0-0 10. Nf3 Re8 11. Bd3 Nxe4 12. Nxe4 f5 13. Nfg5 fxe4 14. Bxe4 Bf5 15. Ne6 Qh4+ 16. Kf1 Bxe4 17. Ra3 Nd7 18. Nc7 Bd4 19. g3 Qd8 20. Nxe8 Bxh1 21. Nxd6 Nb6 22. a5 Qxd6 0-1